000
00301nam a2200133Ia 4500
100
_a
Davis/Coulin Victor
942
_c
RB
654
_a
Applied Hydraulics
245
_a
Hand Book Of Applied Hydraulics
260
_b
McGraw Hill
_a
New York
_c
1942
300
_a
1084
546
_a
ENGLISH
999
_c
21937
_d
21937